|
|
|
|
| LEADER |
00000nam0a2200000 4500 |
| 001 |
319998 |
| 005 |
20231102003232.0 |
| 035 |
|
|
|a (RuTPU)RU\TPU\book\345521
|
| 090 |
|
|
|a 319998
|
| 100 |
|
|
|a 20160621d1962 m y0rusy50 ca
|
| 101 |
0 |
|
|a rus
|
| 102 |
|
|
|a RU
|
| 105 |
|
|
|a a z 000zb
|
| 200 |
1 |
|
|a Письма на волю
|f В. З. Хоружая
|
| 210 |
|
|
|a Москва
|c Молодая гвардия
|d 1962
|
| 215 |
|
|
|a 351 с.
|c ил.
|
| 600 |
|
1 |
|a Хоружая
|b В. З.
|c деятель революционного движения в Западной Белоруссии, партизанка-подпольщица в годы Великой Отечественной войны 1941-1945 г.
|c Герой Советского Союза
|f 1903-1942
|g Вера Захаровна
|2 stltpush
|3 (RuTPU)RU\TPU\pers\36974
|9 19991
|
| 606 |
1 |
|
|a Партизанское движение в Великой Отечественной войне 1941-1945
|2 stltpush
|3 (RuTPU)RU\TPU\subj\66775
|9 82809
|
| 610 |
1 |
|
|a Польша
|
| 610 |
1 |
|
|a тюрьмы
|
| 610 |
1 |
|
|a каторга
|
| 610 |
1 |
|
|a ссылка
|
| 610 |
1 |
|
|a воспоминания
|
| 610 |
1 |
|
|a автобиография
|
| 686 |
|
|
|a Т3(2)622,5
|v LBC/SL-A
|2 rubbk
|
| 700 |
|
1 |
|a Хоружая
|b В. З.
|c деятель революционного движения в Западной Белоруссии, партизанка-подпольщица в годы Великой Отечественной войны 1941-1945 г.
|c Герой Советского Союза
|f 1903-1942
|g Вера Захаровна
|2 stltpush
|3 (RuTPU)RU\TPU\pers\36974
|9 19991
|
| 801 |
|
1 |
|a RU
|b 63413507
|c 20160621
|
| 801 |
|
2 |
|a RU
|b 63413507
|c 20191211
|g RCR
|
| 942 |
|
|
|c BK
|